00385nam a2200145Ia 4500008004100000020001500041041001200056082001600068100001600084245006000100260003700160300000800197650001900205700001500224221030s9999 xx 000 0 und d a0706988248 aEnglish a105.23bGup aS. L. Gupta 0aPrinciples of Real Analysiscby S. L. Gupta, Nisha Rani bVikas Pub HouseaNew Delhic2000 a636 aBE Mathematics aNisha Rani